Normal view
MARC view
- Fracture Mechanics
Entry Topical Term
001 - CONTROL NUMBER
- control field: 1528
003 - CONTROL NUMBER IDENTIFIER
- control field: NUST
005 - DATE AND TIME OF LATEST TRANSACTION
- control field: 20170529133723.0
008 - FIXED-LENGTH DATA ELEMENTS
- fixed length control field: 170529|| aca||aabn | a|a d
040 ## - CATALOGING SOURCE
- Original cataloging agency: NUST
- Transcribing agency: NUST
150 ## - HEADING--TOPICAL TERM
- Topical term or geographic name entry element: Fracture Mechanics
670 ## - SOURCE DATA FOUND
- Source citation: Work cat.: (NUST)23255: T.L. ANDERSON 1527, Fracture Mechanics, c2005
